[Event "7th EuropCh Men"]
[Site "Kusadasi / Turkey"]
[Date "2006.04.06"]
[Round "3"]
[White "Seeman, Tarvo"]
[Black "Makoli, Perparim"]
[Result "1-0"]
[WhiteElo "2412"]
[BlackElo "2251"]
[PlyCount "83"]
[EventDate "2006.04.04"]
[EventRounds "11"]
[EventCountry "AUT"]

1. g3 Nf6 2. Bg2 d5 3. Nf3 c5 4. O-O Nc6 5. d4 e6 6. c4 cxd4 7. Nxd4 Bc5 8.
Nxc6 bxc6 9. Qc2 Be7 10. Nd2 O-O 11. b3 Bd6 12. e4 Bb7 13. Bb2 Bb4 14. Rad1 Rc8
15. a3 Be7 16. Rfe1 Qb6 17. b4 c5 18. b5 dxc4 19. a4 c3 20. Nc4 Qc7 21. Bxc3
Rcd8 22. Be5 Qc8 23. Bd6 Qd7 24. a5 Rfe8 25. a6 Ba8 26. Qa4 Bxd6 27. Nxd6 Rf8
28. Nb7 Qc7 29. Nxd8 Rxd8 30. Rxd8+ Qxd8 31. Rd1 Qb6 32. Ra1 Ng4 33. Qa5 Qd6
34. Qc3 Qb6 35. h3 Nf6 36. Qa5 Nd7 37. Qxb6 Nxb6 38. Rc1 c4 39. Bf1 Bxe4 40.
Bxc4 Kf8 41. Bf1 Na8 42. Bg2 1-0

[Event "7th EuropCh Men"]
[Site "Kusadasi / Turkey"]
[Date "2006.04.06"]
[Round "3"]
[White "Saric, Ivan"]
[Black "Duman, Aydin"]
[Result "1/2-1/2"]
[WhiteElo "2393"]
[BlackElo "2214"]
[PlyCount "146"]
[EventDate "2006.04.04"]
[EventRounds "11"]
[EventCountry "AUT"]

1. e4 c5 2. Nf3 g6 3. d4 cxd4 4. Nxd4 Nc6 5. Nc3 Bg7 6. Be3 Nf6 7. Bc4 O-O 8.
Bb3 d6 9. f3 Bd7 10. Qd2 Nxd4 11. Bxd4 b5 12. a4 b4 13. Ne2 a5 14. h4 h5 15. g4
e5 16. gxh5 Nxh5 17. Be3 Be6 18. O-O-O Bxb3 19. cxb3 Qf6 20. Rdf1 Qe6 21. Qd3
Nf4 22. Bxf4 exf4 23. Kb1 Qe5 24. Qd2 d5 25. Nxf4 dxe4 26. fxe4 Rad8 27. Qg2
Rd4 28. h5 Rxe4 29. Qh2 g5 30. h6 Bf6 31. Nh5 Be7 32. Ng3 Re3 33. Nf5 Qxh2 34.
Rxh2 Re5 35. Rh5 Bd8 36. Nd4 f6 37. Rd1 Rd5 38. Rhh1 Bb6 39. Ne6 Rxd1+ 40. Rxd1
Re8 41. Rd6 Be3 42. Ng7 Rf8 43. Nf5 Bf4 44. Rd7 Kh8 45. h7 Rc8 46. Rf7 Rc1+ 47.
Ka2 Rh1 48. Rf8+ Kxh7 49. Rxf6 Rh2 50. Re6 Bc1 51. Nd4 Rxb2+ 52. Ka1 Rf2 53.
Ne2 Bd2 54. Kb1 Bc3 55. Kc2 Bg7 56. Kd3 Rf5 57. Ke4 Rf7 58. Kd3 Rf3+ 59. Re3
Rf6 60. Kc4 Rf5 61. Ng3 Rf2 62. Kb5 Rb2 63. Kxa5 Bc3 64. Ne4 Rxb3 65. Nxg5+ Kg6
66. Ne4 Kf5 67. Nxc3 bxc3 68. Re8 c2 69. Rc8 Rb2 70. Ka6 Ke4 71. a5 Kd3 72. Ka7
Rb5 73. Rc7 Ke2 1/2-1/2

[Event "7th EuropCh Men"]
[Site "Kusadasi / Turkey"]
[Date "2006.04.06"]
[Round "3"]
[White "De Lange, Hans"]
[Black "Vuilleumier, Alex"]
[Result "0-1"]
[WhiteElo "1901"]
[BlackElo "2354"]
[PlyCount "82"]
[EventDate "2006.04.04"]
[EventRounds "11"]
[EventCountry "AUT"]

1. e4 c5 2. Nf3 d6 3. c3 Nf6 4. Bd3 Nc6 5. Bc2 e5 6. d3 Be7 7. Nbd2 Be6 8. Qe2
h6 9. Nf1 Rb8 10. Ne3 b5 11. O-O O-O 12. h3 Re8 13. Nh2 a5 14. Nhg4 a4 15.
Nxf6+ Bxf6 16. Nd5 Bxd5 17. exd5 Ne7 18. Qe4 Ng6 19. c4 Qa5 20. Rd1 b4 21. Qf5
e4 22. dxe4 a3 23. Rb1 axb2 24. Bxb2 Qxa2 25. Bd3 Bxb2 26. Rd2 Qa3 27. Rbxb2
Ne5 28. Be2 Qc3 29. Rbc2 Qa1+ 30. Rd1 Qa4 31. Rcc1 b3 32. f4 b2 33. Rb1 Nxc4
34. Bxc4 Qxc4 35. e5 Qc3 36. Rd3 Qc2 37. e6 Qxb1+ 38. Kh2 fxe6 39. dxe6 Qxd3
40. Qf7+ Kh8 41. f5 Qxf5 0-1

[Event "7th EuropCh Men"]
[Site "Kusadasi / Turkey"]
[Date "2006.04.07"]
[Round "4"]
[White "L"]
[Black "Jobava, Baadur"]
[Result "0-1"]
[WhiteElo "2565"]
[BlackElo "2646"]
[PlyCount "60"]
[EventDate "2006.04.04"]
[EventRounds "11"]
[EventCountry "AUT"]

1. d4 d5 2. c4 e6 3. Nc3 Bb4 4. Nf3 Nf6 5. Qa4+ Nc6 6. Bg5 Bd7 7. Qb3 a5 8. a3
a4 9. Qc2 h6 10. Bxf6 Bxc3+ 11. Qxc3 Qxf6 12. e3 O-O 13. Be2 dxc4 14. Bxc4 Rfc8
15. O-O Na5 16. Ne5 Be8 17. Ba2 c5 18. d5 exd5 19. Bxd5 Ra7 20. e4 b6 21. f4
Nc6 22. Qg3 Ne7 23. Rad1 Nxd5 24. exd5 Bb5 25. Rfe1 Qd6 26. Qc3 Re8 27. Nc4
Rxe1+ 28. Rxe1 Qxf4 29. Nxb6 Re7 30. h3 Qd4+ 0-1

[Event "7th EuropCh Men"]
[Site "Kusadasi / Turkey"]
[Date "2006.04.07"]
[Round "4"]
[White "Kozul, Zdenko"]
[Black "Turov, Maxim"]
[Result "1/2-1/2"]
[WhiteElo "2606"]
[BlackElo "2539"]
[PlyCount "45"]
[EventDate "2006.04.04"]
[EventRounds "11"]
[EventCountry "AUT"]

1. d4 Nf6 2. Nf3 e6 3. c4 Bb4+ 4. Nbd2 d6 5. a3 Bxd2+ 6. Qxd2 Nbd7 7. e3 e5 8.
Qc2 O-O 9. b3 Re8 10. Bb2 exd4 11. Nxd4 Ng4 12. Be2 Nde5 13. h3 Qh4 14. O-O Nf6
15. Nf3 Nxf3+ 16. Bxf3 Qg5 17. Rad1 Bf5 18. Qc1 Be4 19. Bxf6 Qxf6 20. Bxe4 Rxe4
21. c5 dxc5 22. Qxc5 Qe7 23. Qxe7 1/2-1/2

[Event "7th EuropCh Men"]
[Site "Kusadasi / Turkey"]
[Date "2006.04.07"]
[Round "4"]
[White "Kacheishvili, Giorgi"]
[Black "Mamedov, Rauf"]
[Result "1/2-1/2"]
[WhiteElo "2605"]
[BlackElo "2529"]
[PlyCount "51"]
[EventDate "2006.04.04"]
[EventRounds "11"]
[EventCountry "AUT"]

1. d4 Nf6 2. c4 g6 3. Nc3 Bg7 4. e4 d6 5. h3 O-O 6. Nf3 Na6 7. Bg5 c6 8. Bd3 e5
9. O-O exd4 10. Nxd4 Nc5 11. Bc2 Re8 12. Re1 Ne6 13. Be3 Nxd4 14. Bxd4 Be6 15.
Qd3 Qa5 16. Qf3 Qd8 17. Qd3 Qa5 18. Rad1 c5 19. Be3 Nd7 20. f4 Nb6 21. Bb3 Qb4
22. Qxd6 Nxc4 23. Bxc5 Qxb3 24. axb3 Nxd6 25. Bxd6 Bxb3 26. Rc1 1/2-1/2

[Event "7th EuropCh Men"]
[Site "Kusadasi / Turkey"]
[Date "2006.04.07"]
[Round "4"]
[White "Anastasian, Ashot"]
[Black "Inarkiev, Ernesto"]
[Result "1-0"]
[WhiteElo "2553"]
[BlackElo "2598"]
[PlyCount "91"]
[EventDate "2006.04.04"]
[EventRounds "11"]
[EventCountry "AUT"]

1. Nf3 Nf6 2. d4 g6 3. Bf4 d6 4. e3 Nh5 5. Bg5 h6 6. Bh4 g5 7. Bg3 Bg7 8. c3
Nd7 9. Bd3 e6 10. Nbd2 f5 11. d5 Nc5 12. Bb5+ Bd7 13. Bxd7+ Qxd7 14. dxe6 Qxe6
15. O-O Nxg3 16. hxg3 O-O-O 17. Nd4 Qf7 18. b4 Ne6 19. N2f3 Kb8 20. Qb3 d5 21.
Rfe1 Rhe8 22. Rad1 g4 23. Nxe6 Qxe6 24. Nd4 Qf7 25. b5 Ka8 26. a4 h5 27. a5 Rd6
28. a6 b6 29. Ne2 Be5 30. Rd3 Red8 31. Red1 Kb8 32. Nd4 Bxd4 33. Rxd4 Qe6 34.
Rf4 Qd7 35. Qb1 Rf8 36. c4 dxc4 37. Rxd6 Qxd6 38. Rxc4 h4 39. gxh4 g3 40. Rd4
Qe5 41. Qd1 gxf2+ 42. Kxf2 Rc8 43. Qf3 c6 44. bxc6 Qc5 45. Qf4+ Ka8 46. c7 1-0

[Event "7th EuropCh Men"]
[Site "Kusadasi / Turkey"]
[Date "2006.04.07"]
[Round "4"]
[White "Dgebuadze, Alexandre"]
[Black "Mastrovasilis, Dimitrios"]
[Result "1-0"]
[WhiteElo "2535"]
[BlackElo "2577"]
[PlyCount "87"]
[EventDate "2006.04.04"]
[EventRounds "11"]
[EventCountry "AUT"]

1. e4 c5 2. Nf3 e6 3. d3 Nc6 4. g3 g6 5. Bg5 Qb6 6. Qc1 Bg7 7. c3 Nge7 8. Bg2
d6 9. O-O e5 10. Na3 O-O 11. Bh6 Bg4 12. Nc4 Qc7 13. Bxg7 Kxg7 14. Ne3 h5 15.
Nh4 Be2 16. Re1 Bxd3 17. Nef5+ Nxf5 18. Nxf5+ Kf6 19. Qh6 Ne7 20. Ng7 Rh8 21.
Nxh5+ Ke6 22. Bh3+ f5 23. Bxf5+ Nxf5 24. Qxg6+ Kd7 25. exf5 Raf8 26. Qe6+ Kc6
27. Rad1 c4 28. Nf6 Qf7 29. Ne4 Qxe6 30. fxe6 Rf5 31. h4 Bxe4 32. Rxe4 b5 33.
Rg4 Rf6 34. Rg7 a5 35. e7 Re6 36. Kg2 d5 37. h5 Kc5 38. g4 b4 39. Rf7 Re8 40.
g5 bxc3 41. bxc3 R8xe7 42. Rxe7 Rxe7 43. h6 Rh7 44. Rh1 1-0

[Event "7th EuropCh Men"]
[Site "Kusadasi / Turkey"]
[Date "2006.04.07"]
[Round "4"]
[White "Berescu, Alin"]
[Black "Minasian, Artashes"]
[Result "1/2-1/2"]
[WhiteElo "2461"]
[BlackElo "2574"]
[PlyCount "73"]
[EventDate "2006.04.04"]
[EventRounds "11"]
[EventCountry "AUT"]

1. e4 g6 2. d4 d6 3. Nc3 c6 4. f4 d5 5. e5 h5 6. Nf3 Bg4 7. Be3 Nh6 8. h3 Nf5
9. Bf2 Bxf3 10. Qxf3 h4 11. Bd3 e6 12. O-O Be7 13. Ne2 Kf8 14. b3 a5 15. c4 Na6
16. a3 Kg7 17. Rfc1 Nc7 18. c5 Qb8 19. Kh2 b6 20. b4 axb4 21. axb4 Rxa1 22.
Rxa1 Qb7 23. Ng1 bxc5 24. bxc5 Ra8 25. Rxa8 Qxa8 26. Qe2 Qh8 27. Qb2 Nb5 28.
Ne2 Qa8 29. Bxb5 cxb5 30. Qxb5 Qa2 31. Qd3 Bd8 32. Be1 Qa1 33. Qd2 Qb1 34. Nc3
Qb3 35. Ne2 Qb1 36. Nc3 Qb3 37. Ne2 1/2-1/2

[Event "7th EuropCh Men"]
[Site "Kusadasi / Turkey"]
[Date "2006.04.07"]
[Round "4"]
[White "Ivanchuk, Vassily"]
[Black "Stefansson, Hannes"]
[Result "1-0"]
[WhiteElo "2723"]
[BlackElo "2579"]
[PlyCount "133"]
[EventDate "2006.04.04"]
[EventRounds "11"]
[EventCountry "AUT"]

1. d4 d5 2. c4 c6 3. Nf3 Nf6 4. Nc3 e6 5. Bg5 Nbd7 6. Qb3 Be7 7. e3 a6 8. Be2
O-O 9. O-O b5 10. c5 a5 11. Bf4 Nh5 12. a3 Nxf4 13. exf4 Qc7 14. g3 Rd8 15. Qc2
Nf8 16. Rfe1 Bd7 17. Bd3 Be8 18. Re3 Bf6 19. h4 Rdb8 20. Kg2 Qb7 21. Rae1 Kh8
22. Qd2 Qc7 23. Bc2 Kg8 24. h5 g6 25. Rh1 gxh5 26. Rxh5 Bg7 27. Rh3 f5 28. Ng5
Qd7 29. Ne2 Bg6 30. Nf3 Rb7 31. Nc1 Bf6 32. Nd3 Qc8 33. Re1 Rg7 34. Reh1 Kf7
35. Nde5+ Ke8 36. Ng5 Bxe5 37. dxe5 Kd8 38. Nf3 Kc7 39. Nd4 Kb8 40. Bd3 Raa7
41. Rh6 Qe8 42. Be2 Ka8 43. Rc1 Rgb7 44. Qe1 Rb8 45. Bd3 Qd7 46. Qh1 Qe8 47.
Qh4 Rg7 48. Ra1 Rbb7 49. Kf3 Rbc7 50. Ke3 Qe7 51. Qxe7 Rgxe7 52. b4 a4 53. f3
Rg7 54. Be2 Kb7 55. Rc1 Rce7 56. Kf2 Rg8 57. Rch1 Rgg7 58. Ke3 Bf7 59. g4 Bg6
60. gxf5 exf5 61. Bd3 Rgf7 62. R1h5 Ne6 63. Rxf5 Nxd4 64. Rxf7 Rxf7 65. Kxd4
Bxd3 66. Kxd3 Rxf4 67. Rf6 1-0

[Event "7th EuropCh Men"]
[Site "Kusadasi / Turkey"]
[Date "2006.04.07"]
[Round "4"]
[White "Balogh, Csaba"]
[Black "Moiseenko, Alexander"]
[Result "1/2-1/2"]
[WhiteElo "2576"]
[BlackElo "2662"]
[PlyCount "135"]
[EventDate "2006.04.04"]
[EventRounds "11"]
[EventCountry "AUT"]

1. e4 c5 2. Nf3 Nc6 3. d4 cxd4 4. Nxd4 Nf6 5. Nc3 e5 6. Ndb5 d6 7. Bg5 a6 8.
Na3 b5 9. Nd5 Qa5+ 10. Bd2 Qd8 11. Bg5 Qa5+ 12. Bd2 Qd8 13. Be3 Nxd5 14. exd5
Ne7 15. c4 Nf5 16. Bd2 e4 17. cxb5 Be7 18. Nc2 O-O 19. Be2 axb5 20. Bxb5 Bf6
21. O-O Bxb2 22. Rb1 Be5 23. Re1 Nh4 24. Rxe4 Bf5 25. Rc4 Rxa2 26. Rc1 Bd3 27.
Rb4 Bxb5 28. Rxb5 Qf6 29. Rb4 Nf5 30. Ne3 Nd4 31. Ng4 Qg6 32. Nxe5 dxe5 33. Kh1
Qd6 34. Rbc4 Qxd5 35. Be3 Rd8 36. Bxd4 Raa8 37. Rc5 Qxd4 38. Qxd4 exd4 39. Rd1
g6 40. g3 Ra2 41. Rc4 Rxf2 42. Rcxd4 Rxd4 43. Rxd4 Kg7 44. Kg1 Ra2 45. Rd7 g5
46. Rb7 Kg6 47. Rc7 h5 48. Rc5 f6 49. Rb5 g4 50. Rb4 Ra1+ 51. Kf2 Ra2+ 52. Kg1
Kg5 53. Rb5+ f5 54. Rb8 h4 55. Rg8+ Kf6 56. gxh4 Ra3 57. Kg2 Rh3 58. Rh8 Ke5
59. h5 Kf6 60. h6 Kg6 61. Rg8+ Kf7 62. Rh8 Kf6 63. h7 Kg7 64. Rg8+ Kxh7 65. Rg5
Rf3 66. h3 Kh6 67. hxg4 Kxg5 68. Kxf3 1/2-1/2

[Event "7th EuropCh Men"]
[Site "Kusadasi / Turkey"]
[Date "2006.04.07"]
[Round "4"]
[White "Guseinov, Gadir"]
[Black "Galego, Luis"]
[Result "1/2-1/2"]
[WhiteElo "2610"]
[BlackElo "2543"]
[PlyCount "81"]
[EventDate "2006.04.04"]
[EventRounds "11"]
[EventCountry "AUT"]

1. e4 c5 2. Nf3 e6 3. d4 cxd4 4. Nxd4 a6 5. Nc3 Qc7 6. g3 Bb4 7. Bd2 Nf6 8. Bg2
Nc6 9. Nb3 Be7 10. f4 d6 11. O-O b5 12. a3 Bb7 13. Qe2 Nd7 14. Rae1 O-O 15. g4
b4 16. axb4 Nxb4 17. Be3 Rfe8 18. g5 d5 19. exd5 exd5 20. Qf2 a5 21. Rd1 a4 22.
Nd4 Bc5 23. Ndb5 Qb6 24. Bxc5 Nxc5 25. Rd4 Na2 26. Nxa2 Qxb5 27. Rb4 Qc6 28.
Nc3 Qd6 29. Rd4 Ne6 30. Rd2 Qb4 31. Nxd5 Qxb2 32. c4 Qa3 33. Nf6+ gxf6 34. Bxb7
Rad8 35. Bd5 f5 36. Ra2 Qb3 37. Rb2 Qc3 38. Rc2 Qb3 39. Rb2 Qc3 40. Rc2 Qb3 41.
Rb2 1/2-1/2

[Event "7th EuropCh Men"]
[Site "Kusadasi / Turkey"]
[Date "2006.04.07"]
[Round "4"]
[White "Hulak, Krunoslav"]
[Black "Socko, Bartosz"]
[Result "1/2-1/2"]
[WhiteElo "2541"]
[BlackElo "2606"]
[PlyCount "94"]
[EventDate "2006.04.04"]
[EventRounds "11"]
[EventCountry "AUT"]

1. d4 d5 2. c4 dxc4 3. Nf3 Nf6 4. e3 e6 5. Bxc4 a6 6. O-O c5 7. Bb3 b5 8. a4 b4
9. a5 Nc6 10. Ba4 Bd7 11. Nbd2 Nxa5 12. Ne5 Bb5 13. Bxb5+ axb5 14. Qf3 Bd6 15.
Nb3 Bxe5 16. dxe5 Nd5 17. Nxc5 Rc8 18. Ne4 O-O 19. Nd6 Ra8 20. e4 Ne7 21. Qe2
Nec6 22. Bf4 f6 23. Qg4 Qe7 24. exf6 Qxf6 25. Bg3 Nc4 26. Rxa8 Rxa8 27. Nxc4
bxc4 28. e5 Nxe5 29. Qe4 Ra5 30. f4 Nd3 31. Qxc4 Qf5 32. Qc8+ Kf7 33. Qd7+ Kg6
34. Qe8+ Qf7 35. Qc6 Rd5 36. h3 h6 37. Rf3 Kh7 38. Re3 Nxf4 39. Qc4 Rf5 40.
Bxf4 Rxf4 41. Qxe6 Rf1+ 42. Kh2 Qf4+ 43. Rg3 g5 44. Qe7+ Kg6 45. Qe6+ Kg7 46.
Qe7+ Kg6 47. Qe6+ Kg7 1/2-1/2

[Event "7th EuropCh Men"]
[Site "Kusadasi / Turkey"]
[Date "2006.04.07"]
[Round "4"]
[White "Iordachescu, Viorel"]
[Black "Berg, Emanuel"]
[Result "1/2-1/2"]
[WhiteElo "2601"]
[BlackElo "2539"]
[PlyCount "94"]
[EventDate "2006.04.04"]
[EventRounds "11"]
[EventCountry "AUT"]

1. c4 Nf6 2. Nc3 e6 3. Nf3 Bb4 4. g3 b6 5. Bg2 Bb7 6. O-O O-O 7. d3 d6 8. e4 c5
9. Ne2 a6 10. h3 b5 11. b3 Nc6 12. Bb2 Qe7 13. Nf4 Ba5 14. a3 Rac8 15. Ra2 Rfe8
16. Ba1 e5 17. Ne2 Nh5 18. Qc1 g6 19. Nc3 Bxc3 20. Bxc3 Ng7 21. Nh2 Ne6 22. f4
Ned4 23. f5 gxf5 24. exf5 f6 25. Qd1 Kh8 26. Be4 Rg8 27. Rg2 Nd8 28. Ng4 Bxe4
29. dxe4 Nf7 30. h4 d5 31. cxd5 Nd6 32. Nf2 b4 33. axb4 N6b5 34. Bxd4 Nxd4 35.
bxc5 Rxc5 36. Kh1 Rc3 37. g4 Rxb3 38. g5 Rf3 39. Ng4 Rh3+ 40. Rh2 Qa3 41. Rg1
Rxh2+ 42. Nxh2 Qe3 43. Qe1 Qd3 44. Rg3 Qc2 45. Rg2 Qd3 46. Rg3 Qc2 47. Rg2 Qd3
1/2-1/2

[Event "7th EuropCh Men"]
[Site "Kusadasi / Turkey"]
[Date "2006.04.07"]
[Round "4"]
[White "Belov, Vladimir"]
[Black "Godena, Michele"]
[Result "1-0"]
[WhiteElo "2599"]
[BlackElo "2537"]
[PlyCount "75"]
[EventDate "2006.04.04"]
[EventRounds "11"]
[EventCountry "AUT"]

1. e4 e5 2. Nf3 Nc6 3. Bb5 a6 4. Ba4 Nf6 5. O-O b5 6. Bb3 Bc5 7. c3 d6 8. a4
Bb7 9. d4 Bb6 10. Bg5 h6 11. Bxf6 Qxf6 12. Bd5 O-O 13. Na3 Rfb8 14. Nc2 exd4
15. cxd4 bxa4 16. Rxa4 a5 17. Re1 Ne7 18. Bxb7 Rxb7 19. h3 c5 20. d5 Qxb2 21.
Ne3 c4 22. Rxc4 Bc5 23. e5 Qb3 24. Qxb3 Rxb3 25. exd6 Bxd6 26. Nd4 Rd3 27. Kf1
Bb4 28. Rb1 Kf8 29. Rbc1 Re8 30. g3 h5 31. R1c2 g6 32. Ke2 Ra3 33. Nb5 Rb3 34.
d6 Nf5 35. d7 Rd8 36. Nxf5 gxf5 37. Nd4 Rb1 38. Rc8 1-0

[Event "7th EuropCh Men"]
[Site "Kusadasi / Turkey"]
[Date "2006.04.07"]
[Round "4"]
[White "Kotronias, Vasilios"]
[Black "Arutinian, David"]
[Result "1/2-1/2"]
[WhiteElo "2598"]
[BlackElo "2532"]
[PlyCount "66"]
[EventDate "2006.04.04"]
[EventRounds "11"]
[EventCountry "AUT"]

1. e4 c6 2. d4 d5 3. Nc3 dxe4 4. Nxe4 Bf5 5. Ng3 Bg6 6. h4 h6 7. Nf3 Nd7 8. h5
Bh7 9. Bd3 Bxd3 10. Qxd3 e6 11. Bf4 Ngf6 12. O-O-O Be7 13. Kb1 O-O 14. Ne4 Nxe4
15. Qxe4 Nf6 16. Qe2 Qd5 17. Ne5 Qe4 18. Qxe4 Nxe4 19. Rhe1 Nf6 20. g4 Bd6 21.
f3 a5 22. a4 b5 23. Ng6 Bxf4 24. Nxf4 bxa4 25. c3 Nd5 26. Nxd5 cxd5 27. Kc2
Rfc8 28. Ra1 Rc4 29. Ra2 Rac8 30. Kd3 Rb8 31. Kc2 Rbc8 32. Kd3 Rb8 33. Kc2 Rbc8
1/2-1/2

[Event "7th EuropCh Men"]
[Site "Kusadasi / Turkey"]
[Date "2006.04.07"]
[Round "4"]
[White "Jovanic, Ognjen"]
[Black "Macieja, Bartlomiej"]
[Result "0-1"]
[WhiteElo "2473"]
[BlackElo "2584"]
[PlyCount "118"]
[EventDate "2006.04.04"]
[EventRounds "11"]
[EventCountry "AUT"]

1. d4 Nf6 2. c4 e6 3. Nf3 b6 4. Nc3 Bb7 5. Bg5 h6 6. Bh4 Be7 7. e3 O-O 8. Bd3
c5 9. O-O cxd4 10. exd4 Nc6 11. Rc1 Rc8 12. Re1 d5 13. cxd5 Nxd5 14. Bg3 Nxc3
15. bxc3 Bf6 16. Bb1 Ne7 17. Bf4 Qd5 18. Qd3 Qf5 19. Qxf5 Nxf5 20. Bxf5 exf5
21. Be5 Bxf3 22. gxf3 Bxe5 23. Rxe5 Rfd8 24. Re7 Rxd4 25. Rxa7 Rd3 26. f4 Rc4
27. Rc2 Rxf4 28. c4 Rd6 29. Rb7 Rc6 30. Rb2 Rg6+ 31. Kf1 Rxc4 32. Rb5 Rc1+ 33.
Ke2 Rf6 34. a4 Rc4 35. Ra7 Rcc6 36. Ra8+ Kh7 37. h4 Kg6 38. Rg8 Rfe6+ 39. Kf3
Rc3+ 40. Kg2 Rc4 41. h5+ Kxh5 42. Rxf5+ Kg6 43. Rf3 Ree4 44. Rb8 Rxa4 45. Rxb6+
f6 46. Rd3 Reb4 47. Rc6 Rg4+ 48. Kh3 Rh4+ 49. Kg2 Rag4+ 50. Kf1 Rd4 51. Rb3 Rc4
52. Rd6 Rhd4 53. Ra6 Ra4 54. Rc6 Rdc4 55. Rd6 Ra1+ 56. Kg2 h5 57. Rd5 Rg4+ 58.
Kf3 Rg5 59. Rd4 Ra2 0-1

[Event "7th EuropCh Men"]
[Site "Kusadasi / Turkey"]
[Date "2006.04.07"]
[Round "4"]
[White "Erturan, Yakup"]
[Black "Nevednichy, Vladislav"]
[Result "1/2-1/2"]
[WhiteElo "2332"]
[BlackElo "2582"]
[PlyCount "60"]
[EventDate "2006.04.04"]
[EventRounds "11"]
[EventCountry "AUT"]

1. e4 c5 2. Nf3 d6 3. d4 cxd4 4. Nxd4 Nf6 5. Nc3 Nc6 6. Be2 e6 7. O-O a6 8. Be3
Be7 9. Kh1 Nxd4 10. Bxd4 b5 11. a3 Bb7 12. Qd3 O-O 13. f4 Qc7 14. Qg3 Bc6 15.
Bf3 Rad8 16. Rad1 a5 17. e5 dxe5 18. fxe5 Nd7 19. Ne4 Bxe4 20. Bxe4 Nc5 21. Bf3
b4 22. axb4 axb4 23. Qf2 Rc8 24. Ra1 Bg5 25. Ra2 f5 26. exf6 Bxf6 27. Bxc5 Qxc5
28. Qxc5 Rxc5 29. Be4 Rd8 30. Ra4 Bxb2 1/2-1/2

[Event "7th EuropCh Men"]
[Site "Kusadasi / Turkey"]
[Date "2006.04.07"]
[Round "4"]
[White "Delchev, Aleksander"]
[Black "Kotanjian, Tigran"]
[Result "0-1"]
[WhiteElo "2640"]
[BlackElo "2435"]
[PlyCount "56"]
[EventDate "2006.04.04"]
[EventRounds "11"]
[EventCountry "AUT"]

1. e4 c5 2. Nf3 Nc6 3. d4 cxd4 4. Nxd4 Nf6 5. Nc3 e5 6. Ndb5 d6 7. Bg5 a6 8.
Na3 b5 9. Nd5 Be7 10. Bxf6 Bxf6 11. c3 O-O 12. Nc2 Bg5 13. a4 bxa4 14. Rxa4 a5
15. Bc4 Rb8 16. b3 Kh8 17. Nce3 g6 18. h4 Bxh4 19. g3 Bg5 20. f4 exf4 21. gxf4
Bh4+ 22. Kf1 f5 23. exf5 Bxf5 24. Nxf5 Rxf5 25. Qg4 Bg5 26. Kg2 Bxf4 27. Nxf4
Rg5 28. Nxg6+ Kg7 0-1

[Event "7th EuropCh Men"]
[Site "Kusadasi / Turkey"]
[Date "2006.04.07"]
[Round "4"]
[White "Fressinet, Laurent"]
[Black "Cvitan, Ognjen"]
[Result "1-0"]
[WhiteElo "2633"]
[BlackElo "2527"]
[PlyCount "69"]
[EventDate "2006.04.04"]
[EventRounds "11"]
[EventCountry "AUT"]

1. e4 c5 2. Nf3 d6 3. d4 cxd4 4. Nxd4 Nf6 5. Nc3 a6 6. g3 e6 7. Bg2 Be7 8. O-O
Qc7 9. Be3 O-O 10. g4 Nc6 11. g5 Nd7 12. f4 Re8 13. Qh5 g6 14. Qh3 Bf8 15. a4
Bg7 16. Rad1 Nxd4 17. Rxd4 Nb6 18. e5 d5 19. Bf2 Bd7 20. f5 gxf5 21. Rh4 Nc8
22. Rxh7 Ne7 23. Bd4 Qc4 24. Rf4 Ng6 25. Rxg7+ Kxg7 26. Qh6+ Kg8 27. Nxd5 Qxd5
28. Bxd5 Nxf4 29. g6 Nxg6 30. h4 Rad8 31. h5 Nf8 32. Bf2 Bc6 33. Bh4 Rxd5 34.
Bf6 Rd1+ 35. Kf2 1-0

[Event "7th EuropCh Men"]
[Site "Kusadasi / Turkey"]
[Date "2006.04.07"]
[Round "4"]
[White "Azarov, Sergei"]
[Black "Brkic, Ante"]
[Result "1-0"]
[WhiteElo "2592"]
[BlackElo "2526"]
[PlyCount "61"]
[EventDate "2006.04.04"]
[EventRounds "11"]
[EventCountry "AUT"]

1. e4 c5 2. Nf3 d6 3. d4 cxd4 4. Nxd4 Nf6 5. Nc3 a6 6. Bg5 e6 7. f4 Qc7 8. Bd3
b5 9. a3 Nbd7 10. Qe2 Be7 11. O-O-O Bb7 12. Rhe1 h6 13. Bxf6 Nxf6 14. e5 Nd5
15. Nxd5 Bxd5 16. exd6 Qxd6 17. f5 Qxh2 18. fxe6 O-O 19. Kb1 Bg5 20. Nf3 Qf4
21. Bh7+ Kxh7 22. Rxd5 Bf6 23. Qd3+ Kg8 24. Nd4 Rfe8 25. Rf1 Qg4 26. exf7+ Kxf7
27. Nf5 Re6 28. Rd7+ Kf8 29. Nxh6 gxh6 30. Qh7 Qg8 31. Rxf6+ 1-0

[Event "7th EuropCh Men"]
[Site "Kusadasi / Turkey"]
[Date "2006.04.07"]
[Round "4"]
[White "Kempinski, Robert"]
[Black "Shanava, Konstantine"]
[Result "1-0"]
[WhiteElo "2586"]
[BlackElo "2484"]
[PlyCount "99"]
[EventDate "2006.04.04"]
[EventRounds "11"]
[EventCountry "AUT"]

1. d4 Nf6 2. c4 e6 3. Nc3 Bb4 4. Qc2 c5 5. dxc5 Na6 6. a3 Bxc3+ 7. Qxc3 Nxc5 8.
b4 Nce4 9. Qb2 d5 10. c5 d4 11. e3 e5 12. Nf3 O-O 13. Nxe5 Nc3 14. Bc4 Be6 15.
O-O Nfe4 16. f3 Bxc4 17. Nxc4 Qd5 18. Na5 dxe3 19. Bxe3 Qd3 20. Rfe1 b6 21. Nc6
Na4 22. Qd4 Qxd4 23. Bxd4 bxc5 24. Rxe4 cxd4 25. Rxd4 a6 26. Kf2 g6 27. Rad1
Kg7 28. Rd8 Nb6 29. Rxa8 Rxa8 30. Na5 Rc8 31. Rd6 Rc2+ 32. Kf1 Na4 33. Rxa6
Rc1+ 34. Kf2 Rc2+ 35. Ke3 Rxg2 36. Nc4 Nc3 37. Kd3 Nd5 38. b5 Rxh2 39. b6 Nf4+
40. Kc3 Nd5+ 41. Kd4 Nxb6 42. Rxb6 Rh4+ 43. Kd5 Rf4 44. a4 Rxf3 45. a5 Rf1 46.
Rb3 Rd1+ 47. Kc5 h5 48. a6 Rd8 49. a7 Ra8 50. Ra3 1-0

[Event "7th EuropCh Men"]
[Site "Kusadasi / Turkey"]
[Date "2006.04.07"]
[Round "4"]
[White "Nijboer, Friso"]
[Black "Heberla, Bartolomiej"]
[Result "1-0"]
[WhiteElo "2584"]
[BlackElo "2497"]
[PlyCount "115"]
[EventDate "2006.04.04"]
[EventRounds "11"]
[EventCountry "AUT"]

1. e4 e5 2. Nf3 Nc6 3. Bb5 a6 4. Ba4 Bc5 5. c3 Nge7 6. d4 exd4 7. cxd4 Bb4+ 8.
Nc3 d5 9. O-O dxe4 10. Nxe4 O-O 11. a3 Bd6 12. h3 Bf5 13. Re1 Bg6 14. Bg5 f6
15. Bd2 Bf7 16. Bc2 Qd7 17. Bc3 Bd5 18. Nh4 Bf7 19. Qd3 Ng6 20. Nxd6 cxd6 21.
Nf5 Rfe8 22. Qg3 d5 23. h4 Rxe1+ 24. Rxe1 Be6 25. Rxe6 Qxe6 26. h5 Nce7 27. Qg4
Kf7 28. Bb4 Rd8 29. Bd3 b6 30. g3 Rd7 31. Kg2 a5 32. Bxe7 Rxe7 33. hxg6+ hxg6
34. Nd6+ Kf8 35. Qxe6 Rxe6 36. Nb5 Re1 37. Nc3 Kf7 38. Kf3 Ke6 39. Bxg6 Rc1 40.
g4 Kd6 41. a4 Ke6 42. Bh7 Kd6 43. Ke3 Rg1 44. Bf5 Re1+ 45. Kd2 Rf1 46. Ke2 Rc1
47. Bd3 Rg1 48. Kf3 Rc1 49. Ke3 Re1+ 50. Kd2 Rg1 51. Be2 g6 52. Bf3 Rf1 53. Ke2
Rc1 54. Kd3 Rf1 55. Bxd5 f5 56. gxf5 gxf5 57. Ke2 Rc1 58. Bb3 1-0

[Event "7th EuropCh Men"]
[Site "Kusadasi / Turkey"]
[Date "2006.04.07"]
[Round "4"]
[White "David, Alberto"]
[Black "Lopez Martinez, Josep Manuel"]
[Result "1-0"]
[WhiteElo "2580"]
[BlackElo "2481"]
[PlyCount "123"]
[EventDate "2006.04.04"]
[EventRounds "11"]
[EventCountry "AUT"]

1. d4 Nf6 2. c4 g6 3. Nc3 Bg7 4. e4 d6 5. Bg5 O-O 6. Qd2 c6 7. Bd3 e5 8. d5
cxd5 9. Nxd5 Be6 10. Ne2 Bxd5 11. cxd5 Nbd7 12. Nc3 Nc5 13. Bc2 Qb6 14. Rb1 a5
15. O-O Rfc8 16. h3 a4 17. Rfe1 Qa5 18. Qe2 Nfd7 19. Nb5 Bf8 20. Bd2 Qd8 21.
Rec1 Be7 22. b4 axb3 23. axb3 Nf6 24. b4 Ncd7 25. Bd3 Rxc1+ 26. Rxc1 Ne8 27.
Qe3 Ra2 28. g3 Qb8 29. Bb1 Ra8 30. Na3 Bd8 31. Nc4 Bc7 32. Kg2 Qd8 33. Qd3 Rc8
34. Bc2 Ra8 35. Bb1 Rc8 36. Be3 Bb8 37. Qd2 Bc7 38. Bg5 f6 39. Be3 Ra8 40. Qc3
Kg7 41. Bd3 Kg8 42. Rc2 Kf7 43. Qb3 Rc8 44. Qb1 Kg8 45. Qc1 Ra8 46. Rc3 Kg7 47.
Bh6+ Kg8 48. Be2 Nf8 49. Bg4 Qe7 50. Qc2 Bd8 51. h4 Rb8 52. Qd3 Ra8 53. Na5 Ng7
54. Qb5 Bxa5 55. bxa5 f5 56. Bxg7 fxg4 57. Bh6 Qf7 58. Qb6 g5 59. Bxg5 Ra6 60.
Qd8 b5 61. Bh6 b4 62. Rc8 1-0